LEADER 01046nam1 2200349 45 001 990000406620203316 005 19981012000000.0 035 $a0040662 035 $aUSA010040662 035 $a(ALEPH)000040662USA01 035 $a0040662 100 $a20001219g1995----km-y1itay0103----ba 101 $aeng 102 $aGB 105 $aa|||||||001yy 200 1 $aDesigners' handbook to Eurocode 2$fA. W. Beeby and R. S. Narayanan 210 $aLondon$cTelford$d1995- 215 $av.$cill.$d25 cm 606 $aStrutture edilizie$xProgettazione$xPaesi della Comunità europea 676 $a624.177102184 700 $aBEEBY,$bAndrew W.$0290466 702 $aNARAYANAN,$bR. S. 801 $aIT$bUNPD$c19981012$dRICA 912 $a990000406620203316 951 $a624.177 102 184 BEE$bIng.$c624$dY 959 $aBK 969 $aTEC 979 $aJOHNNY$b40$c20010419$lUSA01$h1424 979 $c20020403$lUSA01$h1648 979 $aPATRY$b90$c20040406$lUSA01$h1628 996 $aDesigners' handbook to Eurocode 2$9874794 997 $aUNISA LEADER 00810nam0-22003131i-450- 001 990001088480403321 035 $a000108848 035 $aFED01000108848 035 $a(Aleph)000108848FED01 035 $a000108848 100 $a20000920d1987----km-y0itay50------ba 101 0 $aeng 200 1 $aFundamental Astronomy$fH. Karttunen, P. Kroger, H. Oja 210 $aBerlin [etc.]$cSpringer-Verlag$d1987 610 0 $aAstronomia 610 0 $aAstrofisica 610 0 $aCosmologia 676 $a52 700 1$aKarttunen,$bHannu$051775 702 1$aKroger,$bP. 702 1$aOja,$bH. 801 0$aIT$bUNINA$gRICA$2UNIMARC 901 $aBK 912 $a990001088480403321 952 $a19-185$b16078$fFI1 959 $aFI1 996 $aFundamental Astronomy$9335579 997 $aUNINA DB $aING01 LEADER 01135nam 2200373 450 001 9910490733603321 005 20221015095954.0 010 $a1-83968-367-8 035 $a(CKB)4100000011987884 035 $a(NjHacI)994100000011987884 035 $a(EXLCZ)994100000011987884 100 $a20221015d2021 uy 0 101 0 $aeng 135 $aur||||||||||| 181 $ctxt$2rdacontent 182 $cc$2rdamedia 183 $acr$2rdacarrier 200 00$aControl Based on PID Framework $eThe Mutual Promotion of Control and Identification for Complex Systems /$fWei Wang, editor 210 1$aLondon :$cIntechOpen,$d[2021] 210 4$d©2021 215 $a1 online resource (130 pages) $cillustrations 311 $a1-83968-366-X 320 $aIncludes bibliographical references and index. 517 $aControl Based on PID Framework 606 $aPID controllers 615 0$aPID controllers. 676 $a629.8 702 $aWang$b Wei 801 0$bNjHacI 801 1$bNjHacl 906 $aBOOK 912 $a9910490733603321 996 $aControl Based on PID Framework$92959144 997 $aUNINA